Stati con densità di popolazione più bassa per continente - Statistics

Statistiche generali
  • Questo quiz è stato fatto 13 volte
  • Il punteggio medio è 4 su 6
Statistiche sulle risposte
Continente Densità (popolazione per km²) Stato % Corretto
America del Nord 4 Canada
91%
Oceania 3 Australia
73%
Asia 2 Mongolia
64%
Europa 4 Islanda
55%
Africa 3 Namibia
45%
America del Sud 4 Suriname
45%
Nessun quiz corrispondente trovato
Distribuzione punteggi
Percentuale di utenti per punteggio
Percentile per numero di risposta
I tuoi punteggi nel tempo
Non hai fatto questo quiz